Atlas and anatomy of PET/MRI, PET/CT and SPECT/CT/ (Record no. 73086)
| 000 -BAŞLIK | |
|---|---|
| Sabit Uzunluktaki Kontrol Alanı | 01057nam a22003497a 4500 |
| 001 - KONTROL NUMARASI | |
| Control Dosyası | 0072332 |
| 003 - KONTROL NUMARASI KİMLİĞİ | |
| Kontrol Alanı | KOHA_MİRAKIL |
| 005 - EN SON İŞLEM TARİHİ ve ZAMANI | |
| Kontrol Alanı | 20260207005051.0 |
| 007 - FİZİKSEL TANIM SABİT ALAN - GENEL BİLGİ | |
| Sabit uzunluklu kontrol alanı | ta |
| 008 - SABİT UZUNLUKTAKİ VERİ ÖGELERİ - GENEL BİLGİ | |
| Sabit Alan | 241202b2022 tu |||gr||||#0|||0|eng | |
| 020 ## - ISBN - ULUSLARARASI STANDART KİTAP NUMARASI | |
| Isbn | 9783030923518 |
| 040 ## - KATALOGLAMA KAYNAĞI | |
| Özgün Kataloglama Kurumu | TR-BiSEU |
| Kataloglama Dili | tur |
| Çeviri Kurumu | TR-BiSEU |
| Açıklama Kuralları | rda |
| 041 0# - DİL KODU | |
| Metin ya da ses kaydının dil kodu | eng |
| 044 ## - YAYINLAYAN/ÜRETEN KURULUŞUN ÜLKE KODU | |
| ISO country code | tu |
| 050 ## - SINIFLAMA ve YER NUMARASI | |
| Sınıflama Numarası | QM25 |
| Yer Numarası | .A85 2022 |
| 245 0# - ESER ADI BİLDİRİMİ | |
| Başlık | Atlas and anatomy of PET/MRI, PET/CT and SPECT/CT/ |
| Sorumluluk Bildirimi | Editors E. Edmund Kim, Vanessa Murad, Jin-Chul Paeng, Gi-Jeong Cheon. |
| 250 ## - BASIM BİLDİRİMİ | |
| Basım Bildirimi | 2. Edition |
| 264 #1 - ÜRERİM, YAYIN, DAĞITIM ve TELİF BİLDİRİMİ | |
| Yayın yeri | Switzerland : |
| Yayınlayan | Springer |
| Yayın tarihi | 2022 |
| 300 ## - FİZİKSEL TANIMLAMA | |
| Sayfa, Cilt vb. | XI, 281 pages: illustrated; 30 cm. |
| 336 ## - İÇERİK TÜRÜ | |
| Content type term | metin |
| Content type code | txt |
| Source | rdacontent |
| 337 ## - MEDYA TÜRÜ | |
| Media type term | aracısız |
| Media type code | n |
| Source | rdamedia |
| 338 ## - TAŞIYICI TÜRÜ | |
| Carrier type term | cilt |
| Carrier type code | nc |
| Source | rdacarrier |
| 500 ## - GENEL NOT | |
| Genel Not | Includes bibliographic references and index. |
| 650 #0 - KONU BAŞLIĞI EK GİRİŞ - KONU TERİMİ | |
| Konusal terim veya coğrafi ad | Internal Medicine. |
| 9 (RLIN) | 134112 |
| 650 #0 - KONU BAŞLIĞI EK GİRİŞ - KONU TERİMİ | |
| Konusal terim veya coğrafi ad | Nuclear Medicine. |
| 9 (RLIN) | 144048 |
| 650 #0 - KONU BAŞLIĞI EK GİRİŞ - KONU TERİMİ | |
| Konusal terim veya coğrafi ad | Radiology. |
| 9 (RLIN) | 80296 |
| 650 #0 - KONU BAŞLIĞI EK GİRİŞ - KONU TERİMİ | |
| Konusal terim veya coğrafi ad | Dahiliye. |
| 9 (RLIN) | 134010 |
| 650 #0 - KONU BAŞLIĞI EK GİRİŞ - KONU TERİMİ | |
| Konusal terim veya coğrafi ad | Nükleer Tıp. |
| 9 (RLIN) | 135245 |
| 650 #0 - KONU BAŞLIĞI EK GİRİŞ - KONU TERİMİ | |
| Konusal terim veya coğrafi ad | Radyoloji. |
| 9 (RLIN) | 32969 |
| 907 ## - LOCAL DATA ELEMENT G, LDG (RLIN) | |
| a | Bilim |
| 942 ## - EK GİRİŞ ÖGELERİ (KOHA) | |
| Source of classification or shelving scheme | Library of Congress Classification |
| Koha item type | Book |
| Materyal Türü | Kalıcı Konum | Mevcut Konum | Sınıflandırma Kaynağı | Edinim Bilgisi | Ana Konular | Alt Konular | Yer Numarası | Demirbaş Numarası | Fatura Tarihi | Geri Çekilme Durumu | Kayıp Durumu | Hasarlı Durumu | Kredi için değil | Kayıt Tarih | Toplam Ödünçverme | Son Görülme Tarihi | Son Kontrol Tarihi |
|---|---|---|---|---|---|---|---|---|---|---|---|---|---|---|---|---|---|
| Book | BŞEÜ Tıp Fakültesi Kütüphanesi | BŞEÜ Tıp Fakültesi Kütüphanesi | Library of Congress Classification | Satın | BİLİM | İnsan Anatomisi | QM25 .A85 2022 | 0072332 | 02/02/2026 | Ödünç verilmez | 02/12/2024 | 17/03/2025 | 17/03/2025 |
